000 00342nam a2200145 i 4500
001 bg
100 1 _aMUCHIN, K. N.
245 0 _aZanimatelnaja jadernaja fizika /
_cK.N. Muchin.
250 _aWyd.2 popr. i uzup.
260 _aMoskwa,
_c1972.
040 _cBPK
041 _apol
942 _cKS
008 s pl f |000 0 pol
999 _c14320
_d14320
856 _uhttp://koha.tu.koszalin.pl/cgi-bin/koha/opac-detail.pl?biblionumber=14320
_yKatalog online BPK